000
00321nam a2200133Ia 4500
008
231129s9999||||xx |||||||||||||| ||spa||
020
_a
84-96412-17-2
040
_b
spa
082
_a
883.01 H766d
100
_a
Homero
245
0
_a
Iliada
264
_a
El Tiempo
942
_2
ddc
_c
BKS
999
_c
15578
_d
15578